000 00453nam a2200169Ia 4500
008 240729s9999 xx 000 0 und d
022 _a1759-4685
245 0 _aJournal of Molecular Cell Biology
260 _aUnited Kingdom
260 _bOxford University Press
650 _a Biology (General)
650 _a Cytology
650 _aScience
856 _uhttps://doaj.org/toc/72ebaebf50894bada6a3672c63a98126
942 _2ddc
942 _cDOAJEJ
999 _c73721
_d73721
945 _a1
_bMadushi Gamage
_c1
_dMadushi Gamage